Archeological and historical resources survey of two proposed pavilion locations at Apache Park in San Antonio, Texas /

Bibliographic Details
Main Author: Ahr, Steven W., 1970-
Corporate Author: Texas Antiquities Committee
Other Authors: Emery, Sherry N. DeFreece
Format: Government Document Book
Language:English
Published: Austin, Tex. : URS Corporation, [2009]
Subjects:

MARC

Tag First Indicator Second Indicator Subfields
LEADER 00000cam a2200000Ia 4500
001 in00002545430
005 20151201090351.0
008 091123s2009 txuab b s000 0 eng d
035 |a (OCoLC)ocn468814357 
035 |a (OCoLC)468814357 
040 |a IKM  |c IKM  |d TXA  |d UtOrBLW 
043 |a n-us-tx  |a n-us-ok 
049 |a TXAM 
086 |a A1900.7 P422 NO.5188  |2 txdocs 
090 |a F394.S21147  |b A371 2009 
100 1 |a Ahr, Steven W.,  |d 1970- 
245 1 0 |a Archeological and historical resources survey of two proposed pavilion locations at Apache Park in San Antonio, Texas /  |c prepared by Steve Ahr, principal investigator, and Sherry N. DeFreece Emery. 
264 1 |a Austin, Tex. :  |b URS Corporation,  |c [2009] 
300 |a 1 volume (various pagings) :  |b color illustrations, color maps ;  |c 28 cm. 
336 |a text  |b txt  |2 rdacontent 
337 |a unmediated  |b n  |2 rdamedia 
338 |a volume  |b nc  |2 rdacarrier 
500 |a "Texas Antiquities [Committee] permit number 5188." 
500 |a "July 2009." 
500 |a "Prepared for City of San Antonio." 
504 |a Includes bibliographical references. 
650 0 |a Excavations (Archaeology)  |z Texas  |z Bexar County. 
650 0 |a Archaeological surveying  |z Texas  |z Bexar County. 
651 0 |a Bexar County (Tex.)  |x Antiquities. 
700 1 |a Emery, Sherry N. DeFreece. 
710 2 |a Texas Antiquities Committee. 
994 |a C0  |b TXA 
948 |a cataloged  |b h  |c 2010/2/10  |d c  |e jwilkinson 
999 |a MARS 
999 f f |s c3ac4259-6b8a-35ef-b4b9-9b7818e132d2  |i c9d869f2-65db-3fae-8076-5b19ea7df37f  |t 0 
952 f f |p ric  |a Texas A&M University  |b Rellis Campus  |c Joint Library Facility  |d Remote Storage  |t 0  |e F394.S21147 A371 2009  |h Library of Congress classification  |i unmediated -- volume  |m A14839006030 
998 f f |a F394.S21147 A371 2009  |t 0  |l Remote Storage